000
00260 a2200097 4500
001
9724
090
_c
7719
_d
7719
100
_a
Grace, C S
245
_a
Nuclear Weapons; princilpes, effects and survivability, Vol. 10
260
_a
UK LOndon
_b
Brassey's
_c
1994
942
_a
NUST-CAE
_k
623.45119 GRA
999
_c
244797
_d
244797